| 000 | 01641cam a22003974a 4500 | ||
|---|---|---|---|
| 999 |
_c58340 _d58340 |
||
| 001 | 15049713 | ||
| 005 | 20211112170735.0 | ||
| 008 | 071018s2007 xxua b 001 0 eng | ||
| 010 | _a 2006908598 | ||
| 020 | _z09780495244714 | ||
| 020 | _a0495244716 | ||
| 040 |
_aDLC _cDLC _dDLC |
||
| 050 | 0 | 0 |
_aTA684 _b.S424 2007 |
| 080 | _a624.1.083 S-43 | ||
| 082 | 0 | 0 |
_a624.1/821 _222 |
| 100 | 1 |
_aSegui, William T. _912909 |
|
| 245 | 1 | 0 |
_aSteel design / _cWilliam T. Segui. |
| 250 | _a4th ed. | ||
| 260 |
_aUnited States : _bThomson, _cc2007. |
||
| 300 |
_avi, 694 p. : _bill. ; _c25 cm. |
||
| 500 | _aRev. ed. of: LRFD steel design / William T. Segui. c2003. | ||
| 504 | _aIncludes bibliographical references (p. 683-685) and index. | ||
| 650 | 0 |
_aBuilding, Iron and steel. _912910 |
|
| 650 | 0 |
_aLoad factor design. _912911 |
|
| 650 | 0 |
_aSteel, Structural. _912912 |
|
| 653 | _aSteel Design | ||
| 653 | _aსაინჟინრო ნაგებობების მშენებლობა | ||
| 653 | _aСтроительство инженерных сооружений | ||
| 700 | 1 |
_aSegui, William T. _tLRFD steel design. _912913 |
|
| 856 | 4 | 1 |
_3Table of contents only _uhttp://www.loc.gov/catdir/enhancements/fy1212/2006908598-t.html |
| 856 | 4 | 2 |
_3Publisher description _uhttp://www.loc.gov/catdir/enhancements/fy1212/2006908598-d.html |
| 856 | 4 | 2 |
_3Contributor biographical information _uhttp://www.loc.gov/catdir/enhancements/fy1302/2006908598-b.html |
| 906 |
_a7 _bcbc _corigcop _d2 _eopcn _f20 _gy-gencatlg |
||
| 942 |
_2udc _cBK |
||
| 955 |
_apv07 2007-10-18 z-processor to ASCD _ijf07 2007-11-06 _aaa07 2008-01-02 |
||